[Event "Edmonton inv."]
[Site "Edmonton CAN"]
[Date "2018.06.19"]
[Round "1"]
[White "Kovalyov, Anton"]
[Black "Haessel, Dale"]
[Result "1-0"]
[WhiteElo "2651"]
[BlackElo "2173"]
[PlyCount "61"]
[GameId "2160767908178833"]
[EventDate "2018.06.19"]
[EventType "tourn"]
[EventRounds "9"]
[EventCountry "CAN"]
[EventCategory "6"]
[SourceTitle "EXT 2019"]
[Source "ChessBase"]
[SourceDate "2018.10.10"]
[SourceVersion "1"]
[SourceVersionDate "2018.10.10"]
[SourceQuality "1"]

1. c4 Nf6 2. Nf3 g6 3. d4 Bg7 4. e3 O-O 5. Be2 c5 6. d5 e6 7. Nc3 exd5 8. cxd5 d6 9. Nd2 Nbd7 10. O-O Ne8 11. e4 a6 12. a4 Rb8 13. f4 f5 14. exf5 Rxf5 15. Bg4 Rf8 16. Be6+ Kh8 17. Nde4 Ndf6 18. Ng5 Nc7 19. Re1 b5 20. axb5 axb5 21. Qd3 b4 22. Ne2 Bb7 23. f5 gxf5 24. Bxf5 Bxd5 25. Qh3 h6 26. Nf4 Re8 27. Rd1 Kg8 28. Nxd5 Nfxd5 29. Bh7+ Kf8 30. Ne4 Re6 31. Rxd5 1-0

[Event "Edmonton inv."]
[Site "Edmonton CAN"]
[Date "2018.06.20"]
[Round "2"]
[White "Kleinman, Michael"]
[Black "Kovalyov, Anton"]
[Result "0-1"]
[WhiteElo "2394"]
[BlackElo "2651"]
[PlyCount "76"]
[GameId "2160767908178837"]
[EventDate "2018.06.19"]
[EventType "tourn"]
[EventRounds "9"]
[EventCountry "CAN"]
[EventCategory "6"]
[SourceTitle "EXT 2019"]
[Source "ChessBase"]
[SourceDate "2018.10.10"]
[SourceVersion "1"]
[SourceVersionDate "2018.10.10"]
[SourceQuality "1"]

1. e4 c5 2. Nf3 d6 3. Bb5+ Bd7 4. Bxd7+ Nxd7 5. O-O Ngf6 6. Qe2 Qc7 7. Rd1 Rc8 8. d3 e6 9. Nbd2 Be7 10. Nf1 O-O 11. c3 Rfd8 12. Ng3 h6 13. h3 Bf8 14. Kf1 b5 15. Be3 Qb7 16. Bf4 e5 17. Bd2 c4 18. d4 exd4 19. cxd4 Re8 20. Re1 Re6 21. e5 Rce8 22. Bc3 Nd5 23. Qc2 dxe5 24. dxe5 Nc5 25. Qf5 Nd3 26. Re2 g6 27. Qe4 f5 28. Nxf5 gxf5 29. Qxf5 Bg7 30. Bd4 N5f4 31. Re3 Rf8 32. Qe4 Nd5 33. Rxd3 cxd3 34. Rc1 Qd7 35. Qxd3 Nf4 36. Qe4 Qf7 37. Nh4 Bxe5 38. Bxe5 Ng6 0-1

[Event "Edmonton inv."]
[Site "Edmonton CAN"]
[Date "2018.06.20"]
[Round "3"]
[White "Kovalyov, Anton"]
[Black "Rozman, Levy"]
[Result "1-0"]
[WhiteElo "2651"]
[BlackElo "2400"]
[PlyCount "69"]
[GameId "2160767908178843"]
[EventDate "2018.06.19"]
[EventType "tourn"]
[EventRounds "9"]
[EventCountry "CAN"]
[EventCategory "6"]
[SourceTitle "EXT 2019"]
[Source "ChessBase"]
[SourceDate "2018.10.10"]
[SourceVersion "1"]
[SourceVersionDate "2018.10.10"]
[SourceQuality "1"]

1. c4 e5 2. g3 Nc6 3. Bg2 Bc5 4. Nc3 a6 5. e3 d6 6. Nf3 Ba7 7. d4 Nge7 8. dxe5 Nxe5 9. Nxe5 dxe5 10. Qh5 Ng6 11. O-O c6 12. Rd1 Qe7 13. Ne4 O-O 14. b3 Be6 15. Ng5 h6 16. Nxe6 Qxe6 17. Bh3 Qf6 18. Bb2 Rad8 19. Bd7 Bc5 20. Bc3 Bd6 21. Qg4 Qe7 22. Bf5 Nh8 23. h4 g6 24. h5 Kh7 25. Bc2 Kg7 26. hxg6 fxg6 27. Qe4 Kh7 28. Rd2 Qe6 29. Rad1 Nf7 30. f4 Qg4 31. fxe5 Qxe4 32. Bxe4 Ng5 33. Rxd6 Rxd6 34. exd6 Nxe4 35. Ba5 1-0

[Event "Edmonton inv."]
[Site "Edmonton CAN"]
[Date "2018.06.21"]
[Round "4"]
[White "Sevillano, Enrico"]
[Black "Kovalyov, Anton"]
[Result "1/2-1/2"]
[WhiteElo "2461"]
[BlackElo "2651"]
[PlyCount "193"]
[GameId "2160767908178850"]
[EventDate "2018.06.19"]
[EventType "tourn"]
[EventRounds "9"]
[EventCountry "CAN"]
[EventCategory "6"]
[SourceTitle "EXT 2019"]
[Source "ChessBase"]
[SourceDate "2018.10.10"]
[SourceVersion "1"]
[SourceVersionDate "2018.10.10"]
[SourceQuality "1"]

1. e4 c5 2. c3 Nf6 3. e5 Nd5 4. d4 cxd4 5. Nf3 e6 6. cxd4 d6 7. Bc4 Nc6 8. O-O Be7 9. Bd2 a6 10. Nc3 dxe5 11. dxe5 Nxc3 12. Bxc3 b5 13. Bd3 Bb7 14. Be4 Qb6 15. Rc1 Rc8 16. Qd3 h6 17. Qe2 O-O 18. Bd2 Rfd8 19. a3 Ba8 20. b4 Qb8 21. Be3 Bf8 22. Bc5 Bxc5 23. Rxc5 Nd4 24. Nxd4 Rxd4 25. Rxc8+ Qxc8 26. Bxa8 Qxa8 27. Rc1 g5 28. h3 Kg7 29. Rc5 Qd8 30. Rc6 Rd5 31. Rxa6 Qc7 32. Rd6 Qc1+ 33. Qf1 Qxf1+ 34. Kxf1 Rxe5 35. Rb6 h5 36. g3 Kg6 37. Rc6 Kf5 38. Rc7 Kf6 39. Rc8 g4 40. Kg2 Kf5 41. hxg4+ hxg4 42. Rg8 Rd5 43. Ra8 Ke4 44. a4 bxa4 45. b5 Rd4 46. b6 Rb4 47. b7 Rxb7 48. Rxa4+ Kf5 49. Rf4+ Kg5 50. Re4 Rb5 51. Ra4 e5 52. Ra8 Kf5 53. Rf8 f6 54. Rg8 Rb7 55. Rf8 Rd7 56. Rg8 Rd4 57. Rf8 Ke6 58. Re8+ Kd7 59. Rf8 Ke7 60. Ra8 f5 61. Rg8 Ke6 62. Rg5 Rd7 63. Rg8 Kd5 64. Ra8 Ke4 65. Re8 Rd3 66. Re7 Rd6 67. Re8 Rd7 68. Re6 Rd5 69. Re8 Kd3 70. Rf8 e4 71. Ra8 Rc5 72. Ra3+ Kd2 73. Ra2+ Rc2 74. Ra3 Rc5 75. Ra2+ Kd3 76. Ra3+ Rc3 77. Ra5 e3 78. fxe3 Rc2+ 79. Kf1 Ke4 80. Ra4+ Kf3 81. Rf4+ Kxg3 82. Rxf5 Rc4 83. Ke2 Kh2 84. Rf2+ Kh3 85. Rf8 Ra4 86. Rh8+ Kg2 87. Kd3 g3 88. e4 Ra3+ 89. Kd4 Ra4+ 90. Kd5 Kf3 91. Rf8+ Ke3 92. Rg8 Ra5+ 93. Kd6 Ra6+ 94. Kd7 Ra7+ 95. Kd6 Ra6+ 96. Kd7 Kf4 97. e5 1/2-1/2

[Event "Edmonton inv."]
[Site "Edmonton CAN"]
[Date "2018.06.21"]
[Round "5"]
[White "Kovalyov, Anton"]
[Black "Arruebarrena, Rafael"]
[Result "1-0"]
[WhiteElo "2651"]
[BlackElo "2267"]
[PlyCount "63"]
[GameId "2160767908178854"]
[EventDate "2018.06.19"]
[EventType "tourn"]
[EventRounds "9"]
[EventCountry "CAN"]
[EventCategory "6"]
[SourceTitle "EXT 2019"]
[Source "ChessBase"]
[SourceDate "2018.10.10"]
[SourceVersion "1"]
[SourceVersionDate "2018.10.10"]
[SourceQuality "1"]

1. c4 e6 2. g3 d5 3. Bg2 Nf6 4. Nf3 Be7 5. O-O O-O 6. b3 c5 7. e3 Nc6 8. Bb2 b6 9. Nc3 Bb7 10. Qe2 Rc8 11. d3 a6 12. Rad1 dxc4 13. bxc4 Qc7 14. Nh4 Ne5 15. f4 Bxg2 16. Nxg2 Nc6 17. g4 Rfd8 18. f5 exf5 19. Rxf5 Bd6 20. Nf4 Nd4 21. exd4 Bxf4 22. d5 Bxh2+ 23. Qxh2 Qxh2+ 24. Kxh2 Nxg4+ 25. Kg3 Ne3 26. Rdf1 Nxf1+ 27. Rxf1 b5 28. Ne4 f6 29. Ba3 bxc4 30. dxc4 Rd7 31. Nxc5 Rdc7 32. d6 1-0

[Event "Edmonton inv."]
[Site "Edmonton CAN"]
[Date "2018.06.22"]
[Round "6"]
[White "Sambuev, Bator"]
[Black "Kovalyov, Anton"]
[Result "0-1"]
[WhiteElo "2524"]
[BlackElo "2651"]
[PlyCount "112"]
[GameId "2160767908178859"]
[EventDate "2018.06.19"]
[EventType "tourn"]
[EventRounds "9"]
[EventCountry "CAN"]
[EventCategory "6"]
[SourceTitle "EXT 2019"]
[Source "ChessBase"]
[SourceDate "2018.10.10"]
[SourceVersion "1"]
[SourceVersionDate "2018.10.10"]
[SourceQuality "1"]

1. e4 c5 2. Nc3 a6 3. g3 b5 4. Bg2 Bb7 5. d3 e6 6. f4 d5 7. Qe2 Be7 8. Nf3 d4 9. Nd1 Nc6 10. O-O Nf6 11. Nf2 Qb6 12. a4 h6 13. h4 Qc7 14. Bh3 Nd7 15. axb5 axb5 16. Rxa8+ Bxa8 17. h5 Nb6 18. Ng4 Nd7 19. Nfe5 Ndxe5 20. fxe5 Bg5 21. Bf4 Bb7 22. Qf2 Qe7 23. Nh2 Nxe5 24. b4 Bxf4 25. gxf4 Nc6 26. bxc5 Qxc5 27. Qg3 O-O 28. Rf2 Kh8 29. Rg2 Rg8 30. Ng4 Qf8 31. Qh4 Qd8 32. Qf2 Qe7 33. Nh2 Qa3 34. f5 exf5 35. Bxf5 Ne5 36. Nf1 Qe7 37. Nd2 Bc8 38. Qxd4 Bxf5 39. exf5 Rc8 40. Qe4 Rxc2 41. d4 Nf3+ 42. Qxf3 Rxd2 43. Rxd2 Qe1+ 44. Qf1 Qxd2 45. Qxb5 Qxd4+ 46. Kf1 Qd1+ 47. Kf2 Qxh5 48. Qe8+ Kh7 49. Qe4 Qg5 50. Qd5 f6 51. Qd3 h5 52. Qb1 Kh6 53. Kf3 h4 54. Ke4 Qg2+ 55. Kf4 Qg5+ 56. Ke4 g6 0-1

[Event "Edmonton inv."]
[Site "Edmonton CAN"]
[Date "2018.06.23"]
[Round "7"]
[White "Kovalyov, Anton"]
[Black "Mikhalevski, Victor"]
[Result "1/2-1/2"]
[WhiteElo "2651"]
[BlackElo "2581"]
[PlyCount "52"]
[GameId "2160767908178864"]
[EventDate "2018.06.19"]
[EventType "tourn"]
[EventRounds "9"]
[EventCountry "CAN"]
[EventCategory "6"]
[SourceTitle "EXT 2019"]
[Source "ChessBase"]
[SourceDate "2018.10.10"]
[SourceVersion "1"]
[SourceVersionDate "2018.10.10"]
[SourceQuality "1"]

1. c4 Nf6 2. Nf3 g6 3. d4 Bg7 4. e3 O-O 5. Be2 c5 6. d5 e6 7. Nc3 exd5 8. cxd5 d6 9. Nd2 Na6 10. O-O Rb8 11. e4 Re8 12. Kh1 Nc7 13. a4 a6 14. a5 Bd7 15. f3 Bb5 16. Nc4 Bxc4 17. Bxc4 Nd7 18. Ra2 b5 19. axb6 Rxb6 20. Bd2 Nb5 21. Ne2 Ne5 22. b3 Qd7 23. Ba5 Rb7 24. Bd2 Rb6 25. Ba5 Rb7 26. Bd2 Rb6 1/2-1/2

[Event "CAN-op"]
[Site "Montreal CAN"]
[Date "2014.07.19"]
[Round "1"]
[White "Kovalyov, Anton"]
[Black "Leveille, Francois"]
[Result "1-0"]
[WhiteElo "2636"]
[BlackElo "2281"]
[PlyCount "89"]
[GameId "2160767909061244"]
[EventDate "2014.07.19"]
[EventType "swiss"]
[EventRounds "9"]
[EventCountry "CAN"]
[SourceTitle "CBM 161 Extra"]
[Source "ChessBase"]
[SourceDate "2014.08.29"]
[SourceVersion "1"]
[SourceVersionDate "2014.08.29"]
[SourceQuality "1"]

1. Nf3 g6 2. e4 Bg7 3. d4 d6 4. c4 Nf6 5. Nc3 O-O 6. Be2 e5 7. Be3 Ng4 8. Bg5 f6 9. Bh4 Nc6 10. d5 Ne7 11. Nd2 h5 12. h3 Nh6 13. Qb3 c5 14. dxc6 bxc6 15. Rd1 Be6 16. Qa3 Qc7 17. b4 g5 18. Bg3 f5 19. Bxh5 f4 20. Bh2 Bf6 21. b5 c5 22. Be2 Kg7 23. f3 Rh8 24. Nb3 Nf7 25. Bg1 Ng6 26. Qa6 Nh4 27. Rh2 Qb6 28. Qxb6 axb6 29. a4 Nxg2+ 30. Rxg2 Rxh3 31. Rh2 Rxh2 32. Bxh2 Rh8 33. Bg1 Rh3 34. a5 bxa5 35. b6 Rh8 36. Nxa5 Rb8 37. Rb1 Bd7 38. Nd5 Bd8 39. Bf2 Ra8 40. Nb7 Bc6 41. Nxd8 Nxd8 42. Ne7 Bd7 43. Nf5+ Bxf5 44. exf5 Nb7 45. Bd3 1-0

[Event "CAN-op"]
[Site "Montreal CAN"]
[Date "2014.07.20"]
[Round "2"]
[White "Fedorowicz, John"]
[Black "Kovalyov, Anton"]
[Result "1/2-1/2"]
[WhiteElo "2422"]
[BlackElo "2636"]
[PlyCount "27"]
[GameId "2160767909061258"]
[EventDate "2014.07.19"]
[EventType "swiss"]
[EventRounds "9"]
[EventCountry "CAN"]
[SourceTitle "CBM 161 Extra"]
[Source "ChessBase"]
[SourceDate "2014.08.29"]
[SourceVersion "1"]
[SourceVersionDate "2014.08.29"]
[SourceQuality "1"]

1. e4 c5 2. Nf3 e6 3. g3 b6 4. d4 cxd4 5. Nxd4 Bb7 6. Bg2 Nf6 7. Nc3 d6 8. O-O Nbd7 9. Re1 Qb8 10. f4 e5 11. Nf5 a6 12. Ne3 b5 13. Ncd5 g6 14. f5 1/2-1/2

[Event "CAN-op"]
[Site "Montreal CAN"]
[Date "2014.07.20"]
[Round "3"]
[White "Kovalyov, Anton"]
[Black "Taborsky, Rostislav"]
[Result "1-0"]
[WhiteElo "2636"]
[BlackElo "2193"]
[PlyCount "123"]
[GameId "2160767909061285"]
[EventDate "2014.07.19"]
[EventType "swiss"]
[EventRounds "9"]
[EventCountry "CAN"]
[SourceTitle "CBM 161 Extra"]
[Source "ChessBase"]
[SourceDate "2014.08.29"]
[SourceVersion "1"]
[SourceVersionDate "2014.08.29"]
[SourceQuality "1"]

1. Nf3 Nf6 2. c4 c5 3. Nc3 d5 4. cxd5 Nxd5 5. g3 Nc6 6. Bg2 Nc7 7. a3 g6 8. d3 Bg7 9. Be3 Nd4 10. Rc1 Be6 11. Nd2 O-O 12. O-O Nd5 13. Nxd5 Bxd5 14. Rxc5 Bxg2 15. Kxg2 Nf5 16. Qb3 b6 17. Rcc1 Nxe3+ 18. fxe3 h5 19. Ne4 Rc8 20. Rxc8 Qxc8 21. Ng5 e6 22. e4 Bh6 23. Nf3 Qc6 24. Ne5 Qd6 25. Nc4 Qc6 26. a4 Bg7 27. Qb5 Qc7 28. b4 Rd8 29. Qg5 Rc8 30. b5 Qd7 31. Qf4 Rc7 32. h4 Kh7 33. Qd6 Qxd6 34. Nxd6 f5 35. Kf3 Be5 36. Nc4 fxe4+ 37. Kxe4 Bxg3 38. Rh1 Rf7 39. e3 Rf5 40. d4 g5 41. hxg5 Kg6 42. Nd2 Kxg5 43. Rc1 h4 44. Rc8 Kg4 45. Nf3 Kh3 46. Rh8 Rf6 47. Rh7 Rg6 48. Rxa7 Rg4+ 49. Kd3 Kg2 50. Nxh4+ Rxh4 51. Rb7 Rh1 52. Rxb6 Rd1+ 53. Ke4 Ra1 54. Rxe6 Rxa4 55. b6 Rb4 56. Kd5 Kf3 57. Kc6 Bf2 58. d5 Bxe3 59. b7 Rb6+ 60. Kc7 Rb1 61. b8=Q Bf4+ 62. d6 1-0

[Event "CAN-op"]
[Site "Montreal CAN"]
[Date "2014.07.21"]
[Round "4"]
[White "Moradiabadi, Elshan"]
[Black "Kovalyov, Anton"]
[Result "1/2-1/2"]
[WhiteElo "2593"]
[BlackElo "2636"]
[PlyCount "54"]
[GameId "2160767739316917"]
[EventDate "2014.07.19"]
[EventType "swiss"]
[EventRounds "9"]
[EventCountry "CAN"]
[WhiteClock "0:00:19"]
[BlackClock "0:01:12"]

1. Nf3 e6 2. c4 Nf6 3. g3 d5 4. Bg2 Be7 5. O-O O-O 6. d4 c6 7. Qc2 b6 8. Rd1 Nbd7 9. b3 a5 10. Nbd2 Bb7 11. e4 Rc8 12. Bb2 c5 13. exd5 exd5 14. Nf1 dxc4 15. bxc4 cxd4 16. Bxd4 Qc7 17. Ne3 Be4 18. Qb2 Rfe8 19. Nh4 Bxg2 20. Nhxg2 Bc5 21. Bxc5 Qxc5 22. Nf4 Re4 23. Rab1 h6 24. Nfd5 Re6 25. Nf4 Re4 26. Nfd5 Re6 27. Nf4 Re4 1/2-1/2

[Event "CAN-op"]
[Site "Montreal CAN"]
[Date "2014.07.22"]
[Round "5"]
[White "Kovalyov, Anton"]
[Black "Sambuev, Bator"]
[Result "1-0"]
[WhiteElo "2636"]
[BlackElo "2526"]
[PlyCount "65"]
[GameId "2160767739316922"]
[EventDate "2014.07.19"]
[EventType "swiss"]
[EventRounds "9"]
[EventCountry "CAN"]
[WhiteClock "0:00:46"]
[BlackClock "0:00:29"]

1. Nf3 d5 2. d4 c6 3. c4 e6 4. e3 Bd6 5. Bd3 f5 6. O-O Nf6 7. b3 Qe7 8. Bb2 O-O 9. Qc1 dxc4 10. bxc4 c5 11. Nc3 Nc6 12. Nb5 Bb8 13. Rd1 Rd8 14. Be2 b6 15. Ba3 Bb7 16. Qb2 Nb4 17. dxc5 Rxd1+ 18. Rxd1 bxc5 19. Qd2 Ne4 20. Qd7 Kf8 21. Bb2 Nf6 22. Qd2 Ne4 23. Qd7 Nf6 24. Qd2 Ne4 25. Qc1 a6 26. Nc3 Nxc3 27. Qxc3 Nxa2 28. Rd8+ Qxd8 29. Qxg7+ Ke8 30. Bf6 Qc7 31. Qg8+ Kd7 32. Ne5+ Qxe5 33. Qd8+ 1-0

[Event "CAN-op"]
[Site "Montreal CAN"]
[Date "2014.07.23"]
[Round "6"]
[White "Tiviakov, Sergei"]
[Black "Kovalyov, Anton"]
[Result "1/2-1/2"]
[WhiteElo "2656"]
[BlackElo "2636"]
[PlyCount "124"]
[GameId "2160767909069541"]
[EventDate "2014.07.19"]
[EventType "swiss"]
[EventRounds "9"]
[EventCountry "CAN"]
[SourceTitle "CBM 161 Extra"]
[Source "ChessBase"]
[SourceDate "2014.08.29"]
[SourceVersion "1"]
[SourceVersionDate "2014.08.29"]
[SourceQuality "1"]

1. e4 c5 2. Nf3 e6 3. c3 Nf6 4. e5 Nd5 5. Bc4 Nb6 6. Bb3 Nc6 7. d4 cxd4 8. cxd4 d5 9. O-O Be7 10. Nc3 Bd7 11. Bc2 Rc8 12. a3 a6 13. Re1 Na7 14. Bd3 a5 15. Ne2 Ba4 16. b3 Bb5 17. Nf4 Bxd3 18. Qxd3 a4 19. Nh5 g6 20. Nf6+ Bxf6 21. exf6 Qxf6 22. bxa4 Nc4 23. Bh6 Nc6 24. Rab1 Rc7 25. Rb5 Kd7 26. g4 g5 27. Bxg5 Qg6 28. Qxg6 fxg6 29. Bf4 Nd6 30. Rb6 Rf8 31. Ne5+ Nxe5 32. Bxe5 Rc6 33. Reb1 Rf3 34. R1b3 Rxb3 35. Rxb3 h6 36. Rf3 Rc8 37. Kg2 b6 38. Rf6 Rg8 39. Bxd6 Kxd6 40. h4 Ke7 41. g5 hxg5 42. hxg5 Ra8 43. Rxg6 Rxa4 44. Rg7+ Kd6 45. Rb7 Rxd4 46. Kg3 Ke5 47. Rf7 Rd1 48. Kg2 Rd4 49. f4+ Ke4 50. Rf6 e5 51. Kg3 Rd3+ 52. Kg4 exf4 53. Rxf4+ Ke5 54. Rf5+ Ke6 55. Rf6+ Ke5 56. a4 Rd4+ 57. Kh5 Rxa4 58. Rxb6 Ra8 59. g6 d4 60. g7 d3 61. Kg6 d2 62. Rb1 Ke4 1/2-1/2

[Event "CAN-op"]
[Site "Montreal CAN"]
[Date "2014.07.24"]
[Round "7"]
[White "Kovalyov, Anton"]
[Black "Ghaem Maghami, Ehsan"]
[Result "1/2-1/2"]
[WhiteElo "2636"]
[BlackElo "2586"]
[PlyCount "79"]
[GameId "2160767909069553"]
[EventDate "2014.07.19"]
[EventType "swiss"]
[EventRounds "9"]
[EventCountry "CAN"]
[SourceTitle "hb 2014"]

1. Nf3 c5 2. c4 Nc6 3. g3 g6 4. d4 cxd4 5. Nxd4 Bg7 6. Nc2 d6 7. Bg2 Be6 8. Ne3 Qd7 9. O-O Rc8 10. Re1 Bh3 11. Bh1 h5 12. Nd2 h4 13. Qa4 Nf6 14. Nf3 hxg3 15. hxg3 Ne4 16. Qc2 Bf5 17. Nxf5 Qxf5 18. Bg2 Nd4 19. Qa4+ Kf8 20. Be3 Nc5 21. Nxd4 Bxd4 22. Qa3 Bxe3 23. Qxe3 a5 24. Qc3 Qe5 25. Qxe5 dxe5 26. b3 e4 27. Rab1 f5 28. a3 b6 29. f3 exf3 30. exf3 Kf7 31. Re3 Rhd8 32. Rbe1 e6 33. Bf1 Rd6 34. b4 axb4 35. axb4 Nd7 36. Ra1 Rc7 37. f4 Rd2 38. Rae1 Rd6 39. Ra1 Rd2 40. Rae1 1/2-1/2

[Event "CAN-op"]
[Site "Montreal CAN"]
[Date "2014.07.25"]
[Round "8"]
[White "Kovalyov, Anton"]
[Black "Van Kampen, Robin"]
[Result "1/2-1/2"]
[WhiteElo "2636"]
[BlackElo "2636"]
[PlyCount "68"]
[GameId "2160767909069573"]
[EventDate "2014.07.19"]
[EventType "swiss"]
[EventRounds "9"]
[EventCountry "CAN"]
[SourceTitle "hb 2014"]

1. Nf3 Nf6 2. c4 g6 3. Nc3 Bg7 4. e4 d6 5. d4 O-O 6. Be2 e5 7. Be3 exd4 8. Nxd4 Re8 9. f3 c6 10. Bf2 d5 11. exd5 cxd5 12. O-O Nc6 13. c5 Nh5 14. Qd2 Be5 15. g3 Ng7 16. Rfd1 Bf5 17. Ndb5 d4 18. Nxd4 Bxd4 19. Bxd4 Bc2 20. Qxc2 Nxd4 21. Qa4 Nxe2+ 22. Nxe2 Qg5 23. Nd4 Qxc5 24. Rac1 Qb6 25. Qb3 Ne6 26. Qxb6 axb6 27. Nxe6 Rxe6 28. Rd2 Rxa2 29. Rc3 Ra1+ 30. Kf2 Rh1 31. Kg2 Rhe1 32. Kf2 Rh1 33. Kg2 Rhe1 34. Kf2 Rh1 1/2-1/2

[Event "Edmonton int."]
[Site "Edmonton CAN"]
[Date "2014.06.21"]
[Round "1.3"]
[White "Krush, Irina"]
[Black "Kovalyov, Anton"]
[Result "1/2-1/2"]
[WhiteElo "2484"]
[BlackElo "2636"]
[PlyCount "108"]
[GameId "2160767909094866"]
[EventDate "2014.06.21"]
[EventType "tourn"]
[EventRounds "9"]
[EventCountry "CAN"]
[EventCategory "10"]

1. d4 Nf6 2. c4 e6 3. Nc3 Bb4 4. e3 O-O 5. Bd3 c5 6. Nf3 d5 7. O-O dxc4 8. Bxc4 cxd4 9. exd4 b6 10. Bg5 Bb7 11. Re1 Nbd7 12. Rc1 Rc8 13. Bd3 h6 14. Bh4 Be7 15. Bb1 Re8 16. Qd3 Nf8 17. Ne5 Nh5 18. Bg3 a6 19. a3 b5 20. b4 Bg5 21. Rcd1 f5 22. f3 Qc7 23. Ne2 Bd5 24. Bf2 Nd7 25. g4 Nxe5 26. dxe5 Bc4 27. Qc2 Bxe2 28. Qxc7 Rxc7 29. Rxe2 Nf4 30. Rc2 Rxc2 31. Bxc2 Rc8 32. Bc5 fxg4 33. Be4 Ne2+ 34. Kg2 Nc3 35. Rd6 Nxe4 36. fxe4 Be7 37. Rxe6 Bxc5 38. bxc5 Rxc5 39. Kg3 Rc3+ 40. Kxg4 Rxa3 41. Rb6 Kf7 42. e6+ Kf6 43. e5+ Ke7 44. Kf5 Rf3+ 45. Ke4 Rh3 46. Kd5 Rd3+ 47. Ke4 Rd2 48. h4 a5 49. Rxb5 a4 50. Ra5 Re2+ 51. Kd5 Rd2+ 52. Ke4 Re2+ 53. Kd5 Rd2+ 54. Ke4 Re2+ 1/2-1/2

[Event "Edmonton int."]
[Site "Edmonton CAN"]
[Date "2014.06.22"]
[Round "2.1"]
[White "Kovalyov, Anton"]
[Black "Ivanchuk, Vassily"]
[Result "0-1"]
[WhiteElo "2636"]
[BlackElo "2738"]
[PlyCount "70"]
[GameId "2160767909094869"]
[EventDate "2014.06.21"]
[EventType "tourn"]
[EventRounds "9"]
[EventCountry "CAN"]
[EventCategory "10"]

1. Nf3 g6 2. d4 Nf6 3. c4 Bg7 4. Nc3 d5 5. Qb3 dxc4 6. Qxc4 O-O 7. Bf4 Na6 8. Rd1 Be6 9. Qa4 Nd5 10. Be5 Nb6 11. Qc2 Nb4 12. Qb1 Bxe5 13. Nxe5 c5 14. dxc5 Qc7 15. cxb6 Qxe5 16. bxa7 Qa5 17. a3 Na2 18. Rd3 Rfc8 19. e4 Nxc3 20. bxc3 Rxc3 21. Qb4 Rc1+ 22. Kd2 Qg5+ 23. Re3 Ra1 24. e5 Rxa7 25. f4 Qg4 26. Rf3 Bd5 27. h3 Qe6 28. Rc3 Ra8 29. Ke3 Re1+ 30. Kf2 Re4 31. Qc5 Rxf4+ 32. Kg1 Qxe5 33. Bb5 Qe4 34. Rg3 Rf5 35. Qb6 Rxa3 0-1

[Event "Edmonton int."]
[Site "Edmonton CAN"]
[Date "2014.06.23"]
[Round "3"]
[White "Haessel, Dale"]
[Black "Kovalyov, Anton"]
[Result "0-1"]
[WhiteElo "2168"]
[BlackElo "2636"]
[PlyCount "46"]
[GameId "2160767909094872"]
[EventDate "2014.06.21"]
[EventType "tourn"]
[EventRounds "9"]
[EventCountry "CAN"]
[EventCategory "10"]
[SourceTitle "CBM 161 Extra"]
[Source "ChessBase"]
[SourceDate "2014.08.29"]
[SourceVersion "1"]
[SourceVersionDate "2014.08.29"]
[SourceQuality "1"]

1. Nf3 e6 2. c4 b6 3. Nc3 Bb7 4. e4 Bb4 5. Bd3 Ne7 6. O-O O-O 7. Re1 f5 8. a3 Bxc3 9. bxc3 Na6 10. exf5 Nxf5 11. Bc2 Kh8 12. d3 Qf6 13. Ne5 d6 14. Ng4 Qxc3 15. Bd2 Qd4 16. Rxe6 Nc5 17. Be3 Qb2 18. Rb1 Qxa3 19. Ra1 Qc3 20. Bd2 Qd4 21. Be3 Nxe3 22. fxe3 Qc3 23. Re7 Bc8 0-1

[Event "Edmonton int."]
[Site "Edmonton CAN"]
[Date "2014.06.24"]
[Round "4.3"]
[White "Kovalyov, Anton"]
[Black "Yam, Alex"]
[Result "1-0"]
[WhiteElo "2636"]
[BlackElo "2299"]
[PlyCount "69"]
[GameId "2160767909094880"]
[EventDate "2014.06.21"]
[EventType "tourn"]
[EventRounds "9"]
[EventCountry "CAN"]
[EventCategory "10"]

1. Nf3 Nf6 2. c4 g6 3. Nc3 Bg7 4. e4 O-O 5. d4 d6 6. Be2 c5 7. O-O cxd4 8. Nxd4 Nc6 9. Nc2 Bd7 10. Be3 Rb8 11. f3 Ne8 12. Qd2 f5 13. exf5 gxf5 14. f4 Kh8 15. Rad1 Nf6 16. Rfe1 a6 17. b3 Qa5 18. a3 Qc7 19. Nd5 Qd8 20. Bb6 Qe8 21. Bf3 Qf7 22. b4 Ne4 23. Bxe4 fxe4 24. b5 axb5 25. cxb5 Nd8 26. Rxe4 e6 27. Nde3 Bxb5 28. Qxd6 Nc6 29. Qxe6 Qxe6 30. Rxe6 Rxf4 31. Bc7 Rff8 32. Bxb8 Rxb8 33. Rb1 Ba4 34. Rb6 Rc8 35. Re4 1-0

[Event "Edmonton int."]
[Site "Edmonton CAN"]
[Date "2014.06.26"]
[Round "6.2"]
[White "Kovalyov, Anton"]
[Black "So, Wesley"]
[Result "0-1"]
[WhiteElo "2636"]
[BlackElo "2744"]
[PlyCount "118"]
[GameId "2160767909094890"]
[EventDate "2014.06.21"]
[EventType "tourn"]
[EventRounds "9"]
[EventCountry "CAN"]
[EventCategory "10"]

1. Nf3 d5 2. d4 Nf6 3. c4 e6 4. g3 Be7 5. Bg2 O-O 6. O-O dxc4 7. Qc2 a6 8. a4 Bd7 9. Rd1 Bc6 10. Nc3 Bxf3 11. Bxf3 Nc6 12. Bxc6 bxc6 13. a5 Nd5 14. Na2 Nf6 15. Nc3 Nd5 16. Na4 Qb8 17. Bd2 Qb5 18. Rdc1 c5 19. dxc5 c3 20. Nxc3 Qxc5 21. Na4 Qb5 22. Qc4 Rfb8 23. Qxb5 Rxb5 24. e4 Nf6 25. f3 Bd6 26. Rc2 Nd7 27. Kg2 Rd8 28. Bc3 Ne5 29. Kf2 Nc6 30. f4 Nxa5 31. e5 Bf8 32. Bxa5 Rxa5 33. Ke3 Rb8 34. Ra2 g5 35. Nc3 gxf4+ 36. gxf4 Bc5+ 37. Kf3 Rxa2 38. Nxa2 Rb3+ 39. Kg4 Bd4 40. Rxc7 Rxb2 41. Nc1 Rxh2 42. Nb3 Be3 43. Rc3 Bf2 44. f5 h5+ 45. Kg5 exf5 46. Kxf5 Kg7 47. Rd3 h4 48. Nd2 a5 49. Ne4 Rg2 50. Rd7 h3 51. e6 Bh4 52. Rxf7+ Kg8 53. Nf6+ Bxf6 54. Kxf6 Rf2+ 55. Ke7 h2 56. Rxf2 h1=Q 57. Rf5 a4 58. Rg5+ Kh7 59. Kf6 Qh6+ 0-1

[Event "Edmonton int."]
[Site "Edmonton CAN"]
[Date "2014.06.27"]
[Round "7"]
[White "Shankland, Sam"]
[Black "Kovalyov, Anton"]
[Result "1-0"]
[WhiteElo "2632"]
[BlackElo "2636"]
[PlyCount "75"]
[GameId "2160767909094893"]
[EventDate "2014.06.21"]
[EventType "tourn"]
[EventRounds "9"]
[EventCountry "CAN"]
[EventCategory "10"]
[SourceTitle "CBM 161 Extra"]
[Source "ChessBase"]
[SourceDate "2014.08.29"]
[SourceVersion "1"]
[SourceVersionDate "2014.08.29"]
[SourceQuality "1"]

1. e4 c5 2. Nf3 e6 3. d4 cxd4 4. Nxd4 Nc6 5. Nc3 Qc7 6. Be3 a6 7. Qd2 Nf6 8. O-O-O Be7 9. f4 b5 10. e5 b4 11. Ncb5 axb5 12. Nxb5 Qa5 13. exf6 gxf6 14. Nd6+ Bxd6 15. Qxd6 Qxa2 16. Rd3 Qa5 17. g3 Ne7 18. Bb6 Qa4 19. Bg2 Ra6 20. Qc5 d5 21. Rb3 Qd7 22. Bf1 Ra1+ 23. Kd2 Rxf1 24. Rxf1 O-O 25. Qxb4 Ba6 26. Ra1 Nc6 27. Qc5 Bb7 28. Qb5 Rc8 29. Ra7 Qe7 30. Ra4 Nb8 31. Bc5 Qc7 32. Qb6 Qxb6 33. Bxb6 Nd7 34. Be3 Bc6 35. Rc3 e5 36. Ra6 Nb8 37. Ra8 d4 38. Bxd4 1-0